Villes de France par plan #2 - Statistiques

Statistiques générales
  • Ce quiz a été pris 59 fois
  • Le résultat moyen est 6 sur 10
Statistiques - réponses
Par images Hint Réponse % Correct
V Versailles
91%
B Bordeaux
82%
T Toulon
82%
L Le Havre
70%
R Rouen
66%
S Strasbourg
61%
D Dijon
50%
A Annecy
48%
C Clermont
38%
L Limoges
34%
Aucun quiz correspondant
Distribution des résultats
% des personnes avec chaque résultat
Percentile par nombre de réponses
Votre historique - résultats
Vous n’avez pas pris ce quiz